| 000 | 00686nam a2200205Ia 4500 | ||
|---|---|---|---|
| 999 |
_c2518 _d2518 |
||
| 003 | DO-SdBJH | ||
| 005 | 20180430153250.0 | ||
| 008 | 180411s9999 dr 000 0 spa d | ||
| 040 |
_aDO-SdBJH _bspa _cDO-SdBJH |
||
| 041 | _aspa | ||
| 082 | _aRD 972.9305 H519y | ||
| 100 | 1 | _aHenríquez Ureña, Max | |
| 245 | 1 | 0 | _aLos yanquis en Santo Domingo : la verdad de los hechos comprobada por datos y documentos oficiales / Max Henríquez Ureña |
| 260 | _aSanto Domingo : Editora de Santo Domingo, 1977 | ||
| 300 | _a322 páginas | ||
| 490 | _aColección de Cultura Dominicana | ||
| 650 | 4 | _aHistoria -- República Dominicana | |
| 942 |
_2ddc _cBK |
||